<?xml version="1.0" encoding="UTF-8"?><?xml-stylesheet type="text/xsl" href="static/style.xsl"?><OAI-PMH xmlns="http://www.openarchives.org/OAI/2.0/" xmlns:xsi="http://www.w3.org/2001/XMLSchema-instance" xsi:schemaLocation="http://www.openarchives.org/OAI/2.0/ http://www.openarchives.org/OAI/2.0/OAI-PMH.xsd"><responseDate>2026-04-17T13:51:06Z</responseDate><request verb="GetRecord" identifier="oai:www.recercat.cat:2445/222883" metadataPrefix="marc">https://recercat.cat/oai/request</request><GetRecord><record><header><identifier>oai:recercat.cat:2445/222883</identifier><datestamp>2025-12-04T21:32:28Z</datestamp><setSpec>com_2072_1057</setSpec><setSpec>col_2072_478812</setSpec><setSpec>col_2072_478917</setSpec></header><metadata><record xmlns="http://www.loc.gov/MARC21/slim" xmlns:dcterms="http://purl.org/dc/terms/" xmlns:xsi="http://www.w3.org/2001/XMLSchema-instance" xmlns:doc="http://www.lyncode.com/xoai" xsi:schemaLocation="http://www.loc.gov/MARC21/slim http://www.loc.gov/standards/marcxml/schema/MARC21slim.xsd">
   <leader>00925njm 22002777a 4500</leader>
   <datafield ind2=" " ind1=" " tag="042">
      <subfield code="a">dc</subfield>
   </datafield>
   <datafield ind2=" " ind1=" " tag="720">
      <subfield code="a">Wang, Yan</subfield>
      <subfield code="e">author</subfield>
   </datafield>
   <datafield ind2=" " ind1=" " tag="720">
      <subfield code="a">Pajares, Arturo</subfield>
      <subfield code="e">author</subfield>
   </datafield>
   <datafield ind2=" " ind1=" " tag="720">
      <subfield code="a">Serafin, Jarosław</subfield>
      <subfield code="e">author</subfield>
   </datafield>
   <datafield ind2=" " ind1=" " tag="720">
      <subfield code="a">Alcobé i Ollé, Xavier</subfield>
      <subfield code="e">author</subfield>
   </datafield>
   <datafield ind2=" " ind1=" " tag="720">
      <subfield code="a">Güell Vilà, Frank</subfield>
      <subfield code="e">author</subfield>
   </datafield>
   <datafield ind2=" " ind1=" " tag="720">
      <subfield code="a">Homs Martí, Narcís</subfield>
      <subfield code="e">author</subfield>
   </datafield>
   <datafield ind2=" " ind1=" " tag="720">
      <subfield code="a">Ramírez de la Piscina, Pilar</subfield>
      <subfield code="e">author</subfield>
   </datafield>
   <datafield ind2=" " ind1=" " tag="260">
      <subfield code="c">2025-09-01T16:31:39Z</subfield>
   </datafield>
   <datafield ind2=" " ind1=" " tag="260">
      <subfield code="c">2025-09-01T16:31:39Z</subfield>
   </datafield>
   <datafield ind2=" " ind1=" " tag="260">
      <subfield code="c">2024-02-16</subfield>
   </datafield>
   <datafield ind2=" " ind1=" " tag="260">
      <subfield code="c">2025-09-01T16:31:39Z</subfield>
   </datafield>
   <datafield ind2=" " ind1=" " tag="520">
      <subfield code="a">In this work, we studied new materials free of noble metals that are active in photocatalytic H2 generation from ethanol aqueous solutions (EtOHaq), which can be obtained from biomass. MoxC/g-C3N4 photocatalysts containing hexagonal (hcp) Mo2C and/or cubic (fcc) MoC nanoparticles on g-C3N4 nanosheets were prepared, characterized, and evaluated for photocatalytic hydrogen production from EtOHaq (25% v/v). Tailored MoxC/g-C3N4 nanocomposites with MoxC crystallite sizes in the 4–37 nm range were prepared by treatment with ultrasound of dispersions containing MoxC and g-C3N4 nanosheets, formerly synthesized. The characterization of the resulting nanocomposites, MoxC/g-C3N4, by different techniques, including photoelectrochemical measurements, allowed us to relate the photocatalytic performance of materials with the characteristics of the MoxC phase integrated onto g-C3N4. The samples containing smaller hcp Mo2C crystallites showed better photocatalytic performance. The most performant nanocomposite contained nanoparticles of both hcp Mo2C and fcc MoC and produced 27.9 mmol H2 g–1 Mo; this sample showed the lowest recombination of photogenerated charges, the highest photocurrent response, and the lowest electron transfer resistance, which can be related to the presence of MoC-Mo2C heterojunctions. Moreover, this material allows for easy reusability. This work provides new insights for future research on noble-metal-free g-C3N4-based photocatalysts.</subfield>
   </datafield>
   <datafield tag="653" ind2=" " ind1=" ">
      <subfield code="a">Difracció</subfield>
   </datafield>
   <datafield tag="653" ind2=" " ind1=" ">
      <subfield code="a">Alcohol</subfield>
   </datafield>
   <datafield tag="653" ind2=" " ind1=" ">
      <subfield code="a">Fotocatàlisi</subfield>
   </datafield>
   <datafield tag="653" ind2=" " ind1=" ">
      <subfield code="a">Diffraction</subfield>
   </datafield>
   <datafield tag="653" ind2=" " ind1=" ">
      <subfield code="a">Alcohol</subfield>
   </datafield>
   <datafield tag="653" ind2=" " ind1=" ">
      <subfield code="a">Photocatalysis</subfield>
   </datafield>
   <datafield ind2="0" ind1="0" tag="245">
      <subfield code="a">MoxC heterostructures as efficient co-catalysts in robust MoxC/g-C3N4 nanocomposites for photocatalytic H2 production from ethanol</subfield>
   </datafield>
</record></metadata></record></GetRecord></OAI-PMH>